[Event "WchT 4th"]
[Site "Luzern"]
[Date "1997.10.27"]
[Round "3.1"]
[White "Yermolinsky, Alex"]
[Black "Short, Nigel D"]
[Result "1/2-1/2"]
[WhiteElo "2650"]
[BlackElo "2660"]
[Annotator "Horn,Pe"]
[PlyCount "120"]
[EventDate "1997.10.25"]
[EventType "team-tourn"]
[EventRounds "9"]
[EventCountry "SUI"]
[SourceTitle "CBM 062"]
[Source "ChessBase"]
[SourceDate "1998.01.31"]
[SourceVersion "1"]
[SourceVersionDate "1998.01.31"]
[SourceQuality "1"]
[WhiteTeam "US of America"]
[BlackTeam "England"]
[WhiteTeamCountry "USA"]
[BlackTeamCountry "ENG"]

1. Nf3 d5 2. g3 c6 3. Bg2 Nf6 4. O-O Bf5 5. c4 e6 6. cxd5 exd5 7. d3 Be7 8. Nd4
Bg6 9. Nc3 O-O 10. e4 Nbd7 11. Re1 (11. Nf5 {Das ist die härteste Methode, mit
der Stellung umzugehen.} Bxf5 12. exf5 {Schwarz hat jetzt eine felsenfeste
Stellung im Zentrum. Das B-Paar hat keine besondere Bedeutung, da der Bg2 nur
schwer eine sinnvolle Betätigung findet. Die weiße Chance liegt im Übergewicht
am K-flügel. Dort setzt Vaganian auch sofort alle Truppen in Bewegung, kann
dort aber wenig ausrichten.} Bd6 13. g4 h6 14. f4 Nh7 15. Qf3 Re8 16. Kh1 Qh4
17. h3 Re7 18. Be3 Rae8 19. Bf2 Qf6 20. Rae1 Bc5 $132 {Vaganian,R-Balashov,Y/
URS-ch50 1983/URS-ch/0-1 (40)}) (11. g4 {[%cal Yd4f5] Jetzt möchte Weiß bei
einem Abtausch auf f5 mit dem Pg4 wiedernehmen, was die weiße P-Struktur
lebendig hielte.} dxe4 12. dxe4 Nc5 13. Nf5 Bxf5 14. gxf5 Qxd1 15. Rxd1 Rfd8
16. Be3 Ng4 17. Bd4 Bd6 18. Bf3 Ne5 19. Be2 g5 $6 20. Be3 Be7 21. f6 $16 {
1/2-1/2 Ninov,K-Unzicker,F/Luxembourg op 1990 (58)}) (11. Nde2 {[%cal Ye2f4,
Yf4g6] Weiß will das B-paar bekommen, ohne seine Bauernstellung zu entwerten.
Die Zeit, die dabei verlorengeht, nutzt Schwarz aber zum Gegenspiel.} dxe4 12.
dxe4 Nc5 13. Qc2 (13. e5 Ng4 $17) 13... Qd3 14. Qxd3 Nxd3 15. Nf4 Nxc1 16.
Raxc1 Rad8 17. Rfd1 Bb4 18. Nxg6 hxg6 19. Kf1 g5 $11 {Salov,V-Chandler/
Leningrad 1987}) 11... Nc5 (11... Bc5 12. Nb3 Bb6 13. e5 {In all diesen
Königsindischen Stellungen ist das Problem dieses Zuges, daß es den Bg6 wieder
lebendig macht. Deswegen sollte Weiß hier überlegen, ob er bei ruhigem Spiel
den Pe4 behaupten kann.} (13. exd5 cxd5 14. Bxd5 {Fritz möchte gerne diesen P
haben, Menschen wie ich haben hier schwere Bedenken, den Bg2 herzugeben.} (14.
Nxd5 Nxd5 15. Bxd5 Nc5 $15) 14... Nc5 $1 (14... Nxd5 15. Nxd5 $16) 15. Nxc5
Nxd5 16. N3e4 $13) (13. Be3 Bxe3 14. Rxe3 $14) 13... Ne8 14. d4 a5 15. a4 Nc7
16. Be3 f6 17. f4 Kh8 18. Kh1 Ne6 19. Bh3 f5 $13 {Eisterer,H-Duer,A/AUT BL
1989/TD 90\04/0-1 (64)}) 12. Nf5 dxe4 (12... Bxf5 13. exf5 {Die Entwertung der
weißen Bauernstellung macht diese Variante m.E. durchaus erwägenswert.
Gegenüber Vaganian-Balashov (s.o.) muß man aber deutliche Nachteile
konstatieren: der Nc5 hat dort nichts zu suchen; bei einem Rückzug nach d7
wären insgesamt 2 Tempi verloren gegangen.}) 13. dxe4 Bxf5 14. exf5 Qxd1 15.
Rxd1 Rfd8 16. Be3 $14 Ncd7 17. h3 Bc5 {Eine übliche Verteidigungsmethode gegen
das Läuferpaar: Durch den Abtausch des eigenen B wird das Läuferpaar
"halbiert". Wenn Weiß dem Tausch ausweicht, so hat Schwarz immerhin die
Position des Be7 verbessert und die des Be3 verschlechtert.} 18. Bxc5 Nxc5 19.
b4 {[%csl Gg2][%cal Yb4b5] Das weiße Spiel ist gegen die Bauernkette b7/c6
gerichtet.} Nd3 20. b5 Rac8 (20... Rab8 $5 21. bxc6 bxc6 22. Rab1 Rxb1 23. Rxb1
$14) 21. bxc6 bxc6 22. Rab1 $14 {[%csl Gb1,Rc6,Gg2] Der weiße Vorteil ist
angesichts der besseren Figuren unbestreitbar, aber bei genügend
Vereinfachungen kann sich Schwarz etl. den Verlust eines P leisten, da der
Mehrbauer auf dem Königsflügel dann schwer zu realisieren ist.} (22. g4 Nf4
$132) 22... h5 23. Rb7 Nc5 24. Rxa7 Rxd1+ 25. Nxd1 Nce4 26. Ra3 Rd8 27. Nc3
Nxc3 28. Rxc3 Rd1+ 29. Bf1 {Danach kann Schwarz den gefährlichen Bf1 tauschen;
deswegen verdient die Alternative Interesse.} (29. Kh2 Rd2 (29... Ra1 30. Rc2 {
[%cal Rg2c6]} c5 31. Bc6) 30. a4 Ra2 (30... Rxf2 $2 31. Ra3 $18) 31. Bxc6 (31.
Rxc6 Rxa4 32. Rc8+ Kh7 33. Rc7 $16) 31... Rxf2+ 32. Kg1 Rxf5 33. Bb5 {[%csl
Ga4] ...und der Pa4 sieht brandgefährlich aus.} (33. Ra3 Rc5)) 29... Ne4 30.
Rd3 Nd2 31. Kg2 Rxf1 32. Rd8+ Kh7 33. Rxd2 Rc1 {Der Mehrbauer ist nicht
wichtig, aber wegen der besseren weißen Königsstellung muß Schwarz aufpassen.}
34. Kf3 c5 35. Ke4 c4 36. Kd4 h4 (36... c3 37. Re2) 37. Re2 (37. gxh4 Kh6 38.
Re2 Kh5 39. Re7 c3 40. Kd3 c2 41. Rxf7 Ra1 42. Kxc2 Rxa2+ 43. Kd3 Rxf2 $11)
37... Kh6 38. g4 c3 39. Kd3 Kg5 40. Re7 Rh1 41. Rxf7 Rxh3+ 42. Ke4 Kxg4 43.
Rxg7+ Kh5 44. f6 c2 45. Rc7 Kg6 46. f7 Kg7 47. Rxc2 Ra3 48. Kf4 Kxf7 49. Kg4
Ra4+ 50. Kg5 h3 51. f3 Ke6 52. Re2+ Kf7 53. Kf5 Rh4 54. Rh2 Ra4 55. Rb2 Rh4 56.
Rb7+ Ke8 57. Rb1 Ra4 58. Rb2 Kf7 59. Rh2 Kg7 60. Kg5 Kf7 1/2-1/2

[Event "WchT 2nd"]
[Site "Luzern"]
[Date "1989.??.??"]
[Round "1.2"]
[White "Dzindzichashvili, Roman"]
[Black "Brunner, Lucas"]
[Result "1/2-1/2"]
[WhiteElo "2545"]
[BlackElo "2505"]
[Annotator "Horn,Pe"]
[PlyCount "89"]
[EventDate "1989.10.27"]
[EventType "team-tourn"]
[EventRounds "9"]
[EventCountry "SUI"]
[SourceTitle "CBM 016"]
[Source "ChessBase"]
[SourceDate "1990.06.01"]
[SourceVersion "1"]
[SourceVersionDate "1990.06.01"]
[SourceQuality "1"]
[WhiteTeam "US of America"]
[BlackTeam "Switzerland"]
[WhiteTeamCountry "USA"]
[BlackTeamCountry "SUI"]

1. Nf3 d5 2. g3 c6 3. Bg2 Nf6 4. c4 Bf5 5. cxd5 cxd5 6. Qb3 Qc8 7. Nc3 e6 8.
O-O Nc6 9. d3 Be7 10. Bf4 O-O 11. Rac1 Bg6 12. Ne5 Nd7 13. Nxg6 hxg6 14. h4 Nc5
15. Qd1 Qd8 16. d4 Nd7 17. e4 Nb6 18. exd5 {Botvinnik} (18. e5 $6 Rc8 19. Bh3
$6 (19. Re1 {/\ Bf1}) 19... a6 20. Kg2 Nc4 $1 {Kortschnoj-Karpov, Moskau 74})
18... Nxd5 19. Nxd5 exd5 20. Re1 (20. h5 $1 gxh5 (20... g5 $5 21. Be3 $8 Qd7)
21. Qxh5 $14 {Botvinnik}) 20... Qd7 21. Kh2 Rfe8 22. Qb3 Rad8 23. a3 f5 (23...
Nxd4 $5) 24. Qd3 Bf6 25. h5 Kh7 26. g4 Rxe1 27. Rxe1 g5 28. Bg3 Nxd4 29. gxf5
Qb5 (29... Qxf5 $5 30. Qd1 Qc2) 30. Qd1 Re8 31. Bh1 (31. Rxe8 Qxe8 32. Bxd5)
31... Rxe1 32. Qxe1 Qd7 (32... Qxb2 $6 33. Bxd5 Qxa3 $2 34. Qe8) 33. Qa5 Qxf5
34. Qxd5 Qxd5 35. Bxd5 Nc6 $10 36. b3 Kh6 37. Bf3 Be5 38. Kh3 Bxg3 39. Kxg3 g6
40. hxg6 Kxg6 41. Be4+ Kf6 42. Kf3 Nd4+ 43. Ke3 Nf5+ 44. Kd3 b6 45. Bg2 1/2-1/2

[Event "WchT 2nd"]
[Site "Luzern"]
[Date "1989.??.??"]
[Round "3.3"]
[White "Hug, Werner"]
[Black "Adams, Michael"]
[Result "1/2-1/2"]
[WhiteElo "2445"]
[BlackElo "2505"]
[Annotator "Horn,Pe"]
[PlyCount "33"]
[EventDate "1989.10.27"]
[EventType "team-tourn"]
[EventRounds "9"]
[EventCountry "SUI"]
[SourceTitle "CBM 016"]
[Source "ChessBase"]
[SourceDate "1990.06.01"]
[SourceVersion "1"]
[SourceVersionDate "1990.06.01"]
[SourceQuality "1"]
[WhiteTeam "Switzerland"]
[BlackTeam "England"]
[WhiteTeamCountry "SUI"]
[BlackTeamCountry "ENG"]

1. Nf3 Nf6 2. g3 d5 3. Bg2 c6 4. c4 dxc4 5. Qc2 Qd5 6. Nc3 Qh5 (6... Qa5 7. b3
(7. Ne4 Nxe4 8. Qxe4 $13 Be6) 7... cxb3 8. Qxb3 e6 9. O-O Be7 10. d4 O-O 11. e4
Na6 {Lukacs/Hazai in NIC 9 (88)}) 7. Ne4 {N} (7. b3 cxb3 8. Qxb3 Nbd7 9. d4 e6
{Lukacs/Hazai in NIC 9}) 7... Nxe4 8. Qxe4 Be6 (8... b5 $2 9. a4) 9. Qf4 Na6
10. O-O Rd8 11. b3 Qf5 (11... cxb3 12. axb3 Bxb3 $2 13. Rb1 $146) 12. Qxf5 Bxf5
13. bxc4 f6 14. d3 e5 15. Rb1 Rd7 16. Nd2 Nc5 17. Nb3 1/2-1/2

[Event "Hastings 9899"]
[Site "Hastings"]
[Date "1999.01.04"]
[Round "6"]
[White "Speelman, Jonathan S"]
[Black "Sokolov, Ivan"]
[Result "1/2-1/2"]
[WhiteElo "2600"]
[BlackElo "2620"]
[Annotator "Horn,Pe"]
[PlyCount "89"]
[EventDate "1998.12.29"]
[EventType "tourn"]
[EventRounds "9"]
[EventCountry "ENG"]
[EventCategory "13"]
[SourceTitle "CBM 069"]
[Source "ChessBase"]
[SourceDate "1999.04.01"]
[SourceVersion "1"]
[SourceVersionDate "1999.04.01"]
[SourceQuality "1"]

1. Nf3 d5 2. g3 Nf6 3. Bg2 g6 4. b3 Bg7 5. Bb2 O-O 6. c4 c6 7. O-O a5 8. d3 a4
9. b4 {Ein Nebenweg} (9. Nbd2) (9. Na3) 9... dxc4 10. dxc4 Qxd1 11. Rxd1 Nbd7
$146 (11... Be6 12. Nbd2 a3 13. Bc3 Ra4 14. Nd4 Bg4 15. h3 Bc8 16. Nc2 $16 {
Leontiev,A-Seoev,R/Moscow 1996}) 12. a3 (12. c5 $5) 12... Nb6 13. Nbd2 Be6 14.
Rdc1 (14. Rac1 $143 Rfd8 {[%cal Rb6c4]}) 14... Rfd8 15. c5 Nc8 {[%cal Yc8a7,
Ya7b5]} 16. Nc4 Bxc4 17. Rxc4 Na7 18. Rc2 Nb5 {[%csl Gb5] Das sieht momentan
alles sehr prächtig für Schwarz aus; langfristig lauern auf ihn aber auch
Gefahren, da der Pa4 sehr schwach werden kann.} 19. e3 {[%cal Yg2f1,Yf3d4]} (
19. Nd2 Nd4 20. Bxd4 Rxd4 $132) 19... Ne4 20. Bxg7 Kxg7 21. Bf1 Nc7 (21... Nec3
) 22. Ne5 Nd2 (22... Rd5 23. Nc4 $16) 23. Be2 f6 24. Nd3 Nb3 (24... Ne4 25. f3
$16) 25. Raa2 e5 26. Nb2 {[%cal Yb2c4]} Rd7 27. Nc4 Rad8 28. Nb6 Rd2 29. Nxa4
Rxc2 30. Rxc2 Ra8 31. Rc3 Rxa4 32. Rxb3 {Weiß hat sein Ziel erreicht; er hat
den Pa4 kassiert. Momentan ist der Rb3 an den Pa3 gebunden. Gelänge es Weiß,
den Rb3 durch den Kg1 abzulösen, sähe es finster aus für Schwarz.} e4 $1 {
Ein wichtiger Verteidigungszug: Schwarz gewinnt Raum im Zentrum; der Kg7
bekommt Gelegenheit, aktiv ins Geschehen einzugreifen. Wenn Weiß selbst zu
e3-e4 käme, wäre Rd3 nicht mehr zu verhindern.} 33. Bc4 (33. b5 cxb5 34. Bxb5
Nxb5 35. Rxb5 Ra7 $11 {[%cal Yg7f7,Yf7e6,Ye6d5]}) 33... f5 34. h3 Kf6 35. Kg2
h5 36. h4 Ke5 37. f3 Nb5 38. f4+ Kf6 39. Bxb5 cxb5 40. Kf2 Ke6 41. Ke2 Kd5 42.
Kd2 Ra8 $1 43. Kc2 Kc6 {[%cal Ya8d8]} 44. Rc3 Rd8 45. Kc1 1/2-1/2

[Event "RUS-Cup01 Chigorin Memorial"]
[Site "St Petersburg"]
[Date "1997.11.02"]
[Round "2"]
[White "Makarov, Marat"]
[Black "Shurygin, Sergey"]
[Result "1-0"]
[WhiteElo "2540"]
[BlackElo "2355"]
[Annotator "Horn,Pe"]
[PlyCount "73"]
[EventDate "1997.11.01"]
[EventType "swiss"]
[EventRounds "9"]
[EventCountry "RUS"]
[SourceTitle "CBM 062"]
[Source "ChessBase"]
[SourceDate "1998.01.31"]
[SourceVersion "1"]
[SourceVersionDate "1998.01.31"]
[SourceQuality "1"]

1. Nf3 d5 2. g3 c6 3. Bg2 Bg4 4. c4 Nd7 5. cxd5 cxd5 6. Nc3 e6 7. d4 (7. Qb3
Bxf3 (7... Qb6 8. Qxb6 axb6 9. O-O Bxf3 (9... Ngf6 10. d3 Be7 11. Bd2 O-O 12.
Rfc1 Rfc8 13. Kf1 {0.5/Davies-Kharitonov/Moscow/1988/} (13. Nd4 $5 $14)) 10.
Bxf3 Ra5 $6 11. d4 b5 $6 12. Bd2 b4 13. Nd1 $14 {Dizdar,G-Loncar,R/CRO-ch/1995}
) 8. Bxf3 Qb6 9. Qxb6 Nxb6 10. O-O (10. d3 Ne7 11. Nb5 Kd7 12. Be3 Nf5 13. Bxb6
Bb4+ 14. Kf1 axb6 15. e4 Nd6 16. Nxd6 Kxd6 $15 {Bagirov,V-Hodgson,J/Bern op/
1995}) 10... Ne7 11. d3 Nc6 12. Be3 Nc8 13. Rac1 Bd6 14. Bg2 N8e7 15. Nb5 Be5
16. Bc5 $14 {Kengis,E-Pavasovic,D/Bern op/1995}) (7. Qa4 Bxf3 8. Bxf3 a6 $11 {
A.Petrosian-Sherbakov/1991}) 7... Bd6 $6 $146 {Der Bd6 ist hier Angriffen des
Nc3 ausgesetzt.} (7... Ne7 8. O-O Nc6 9. h3 Bxf3 10. Bxf3 Be7 11. e4 dxe4 12.
Bxe4 Nf6 13. Bg2 O-O 14. Be3 Qa5 15. d5 exd5 16. Nxd5 Rfd8 17. Nxe7+ Nxe7 18.
Qb3 $16 {Romanishin,O-Dorfman,J/URS-ch46/1978}) 8. Qb3 Bxf3 $6 (8... Qb6 $142)
9. Bxf3 Qb6 10. e4 $1 dxe4 11. Bxe4 $16 {[%csl Rb7,Ge4]} Bb4 (11... Rb8 12. Nb5
Ngf6 13. Bg2 $16) 12. O-O Ngf6 13. Bg2 O-O 14. Bf4 Bxc3 {Das verliert, aber
guter Rat ist hier bereits teuer.} (14... Qxd4 15. Rfd1 (15. a3 Bxc3 16. bxc3
Qb6 17. Qxb6 axb6 18. Bxb7 Ra7 19. Bf3 Rc8 20. Rfc1) (15. Be3 Qd6 16. Nb5 Qe7
17. Nxa7 Bc5 18. Nb5 Bxe3 19. Qxe3 $14 {[%csl Gg2]}) (15. Rad1 Qb6 16. Na4 Qa5
17. Bxb7 Rad8 $14) 15... Qb6 16. Na4 Nc5 (16... Qa5 17. Bxb7 Rad8 18. Rac1 $14)
17. Nxb6 Nxb3 18. Nxa8 Nxa1 19. Bxb7 Nc2 20. Nc7 $16) (14... Rac8 15. Na4 Qa5
16. Bxb7 $18) 15. bxc3 $18 Nd5 (15... Qxb3 16. axb3 Nd5 17. Bd6 $18 (17. Bd2
$18 {[%csl Rb7][%cal Rc3c4]})) 16. Bxd5 exd5 17. Qxd5 Nf6 18. Qf3 Qc6 19. Qxc6
bxc6 20. Rfe1 Nd5 21. Bd2 Rfe8 22. Rab1 Rxe1+ 23. Bxe1 Nb6 24. Bd2 h6 25. Kf1
Re8 26. Re1 Kf8 27. Rxe8+ Kxe8 28. Ke2 Kd7 29. Kd3 Ke6 30. c4 h5 31. h3 Kf5 32.
f3 g6 33. g4+ Ke6 34. Ba5 Nc8 35. Bb4 f5 36. gxh5 gxh5 37. Bc5 1-0

[Event "WchT 4th"]
[Site "Luzern"]
[Date "1997.10.28"]
[Round "4.4"]
[White "Anastasian, Ashot"]
[Black "Savchenko, Stanislav"]
[Result "1-0"]
[WhiteElo "2545"]
[BlackElo "2565"]
[Annotator "Horn,Pe"]
[PlyCount "119"]
[EventDate "1997.10.25"]
[EventType "team-tourn"]
[EventRounds "9"]
[EventCountry "SUI"]
[SourceTitle "CBM 062"]
[Source "ChessBase"]
[SourceDate "1998.01.31"]
[SourceVersion "1"]
[SourceVersionDate "1998.01.31"]
[SourceQuality "1"]
[WhiteTeam "Armenia"]
[BlackTeam "Ukraine"]
[WhiteTeamCountry "ARM"]
[BlackTeamCountry "UKR"]

1. Nf3 Nf6 2. g3 d5 3. Bg2 c6 4. O-O Bg4 5. c4 e6 6. cxd5 Bxf3 {Das gilt als
eine sichere Fortsetzung, bei der Weiß kaum auf Eröffnungsvorteil rechnen darf.
} 7. Bxf3 cxd5 8. Nc3 Nc6 9. d3 Be7 (9... Bc5) 10. Bd2 (10. e4 dxe4 (10... d4 {
Die neueste Mode: Schwarz hält das Zentrum geschlossen und spielt in der
c-Linie und am Damenflügel.} 11. Ne2 Qb6 (11... O-O 12. Bg2 Rc8 13. b3 Qb6 14.
Bg5 Nd7 15. Bxe7 Nxe7 16. Qd2 Nc5 17. Rac1 Nc6 18. Rc4 a5 19. Rfc1 Nb4 20. Nf4
Qa7 $132 {Hebert-Christiansen/Saint John op-2/1988}) 12. Bg2 O-O 13. h3 Rac8
14. a3 a5 15. f4 Nd7 16. f5 e5 17. Rb1 Na7 18. Bd2 Rc6 19. g4 Qd8 20. Kh1 Nc5
$132 {Loginov-Shabanov/RUS-ch Elista/1996}) 11. dxe4 O-O 12. Be3 Nd7 13. Rc1
Bc5 14. Qe2 Qe7 15. Rfd1 Bxe3 16. Qxe3 Rfd8 $10 {Portisch-Matanovic, Wijk 1968}
) (10. a3 O-O 11. b4 a5 (11... Rc8 12. Bd2 Qd7 13. Bg2 Rfd8 14. Rc1 b6 15. Re1
Nd4 $10 {Forintos-Hennings/Kecskemet/1968}) 12. b5 Nd4 13. Bg2 a4 14. Rb1 Nb3
15. Bb2 Nc5 16. e3 Qa5 17. f4 Rac8 $10 {Keene-Geller/Teesside/1975}) 10... O-O
11. a3 Rc8 12. Bg2 a6 13. b4 (13. Rc1 Nd7 14. Kh1 Nd4 15. b4 Nb6 16. e3 Nb5 17.
Qb3 Qd7 18. Ne2 Bf6 $11 {Larsen,B-Ivkov,B/Bled cqf2 1965/CAND/1-0 (60)}) 13...
Nd7 14. Qb1 b5 $6 {[%csl Rc5] Das ist immerhin eine Schwächung (><c5). Schwarz
hat das Feld mit seinen Leichtfiguren zwar unter Kontrolle, aber von jetzt an
hat Weiß ein konkretes Ziel.} (14... Nd4 $5 {[%cal Rc8c3]} 15. Ra2) 15. Rc1 Nb6
16. Ra2 Qd7 17. e3 Rc7 (17... d4 {Sieht sehr verlockend aus; man sollte aber
beachten, daß die toten B jetzt wieder zum Leben erwachen.} 18. Ne4 Nd5 19.
Rac2) 18. Ne2 Bf6 {Da der Bf6 wenig später reumütig zur Bewachung der Schwäche
c5 zurückkehrt, könnte man sich fragen, ob er sich den Ausflug nicht hätte
sparen sollen.} (18... Rfc8 19. Bc3 {Vielleicht war es das, was Schwarz
vermeiden wollte, aber ich bin nicht mal sicher, ob Weiß nicht lieber den
Partieplan (Rcc2, Nc1-b3) verfolgt hätte.}) (18... e5) 19. Rcc2 $1 {[%cal
Ye2c1]} Rfc8 20. Nc1 {[%cal Yc1b3,Yb3c5]} Na4 21. Nb3 Be7 22. d4 Nb6 {Eine
wichtige Entscheidung: Schwarz verpflichtet sich, mit dem Be7 auf c5 zu nehmen,
und erhält dafür das N-feld auf c4. Ich denke, an dieser Stelle gab es
interessante Alternativen.} (22... e5 23. dxe5 Nxe5 24. Rxc7 Rxc7 25. Rc2 Nc4
$13 {[%csl Ra3,Rd5] Eine kritische Stellung: für die schreckliche Schwäche auf
d5 hat Schwarz Spiel gegen a3 und aktives Figurenspiel.}) (22... Bf6 23. Nc5 (
23. Rc1 $5 {Es scheint schlau, noch ein wenig mit Nc5 zu warten.}) 23... Nxc5
24. dxc5 Rd8) (22... Bf8 $6 {Die passive Variante scheint die schlechteste
Lösung.} 23. Nc5 Nxc5 24. dxc5 {[%cal Yd2c3,Ya3a4]} (24. bxc5 $6 e5 $132) 24...
Ne5 25. e4 $5 {[%cal Rd2f4]} Nc4 26. exd5 exd5 27. Bf4 $16) 23. Nc5 Bxc5 24.
dxc5 Nc4 25. Bc3 {Aus der Remiseröffnung ist eine Hochspannungsstellung
entstanden. Da die c-Linie geschlossen ist, verlagert sich das Spiel ins
Zentrum und etl. sogar auf den Königsflügel. Die beiden am Q-flügel
versammelten Armeen müssen sich schleunigst umorientieren.} e5 (25... f5) 26.
Rc1 Qe6 27. Rd1 Rd7 28. a4 d4 (28... Rcd8 29. axb5 axb5 30. Ra6 $36) 29. axb5
axb5 30. exd4 exd4 31. Re1 (31. Bxc6 $2 Qxc6 32. Rxd4 (32. Bxd4 Rcd8 $19) 32...
Ne5 {[%cal Re5f3]}) (31. Ba1 $5) 31... N6e5 32. Ba1 {[%cal Ya2e2]} d3 33. Bxe5
d2 $1 (33... Nxe5 34. Rd2 $16 (34. f4 $2 d2 35. Rd1 Nc4 $17)) 34. Rd1 Qxe5 $1 (
34... Nxe5 35. Raxd2 Rxd2 36. Rxd2 $18) 35. Bh3 (35. Bc6 $5 Re7 36. Bxb5 Qe1+
37. Kg2 Re2 38. Rxe1 Ne3+ 39. Kh3 dxe1=Q 40. Qxe1 Rxe1 41. fxe3 $14) (35. Bf1
Rcd8) 35... Re7 36. Bf1 (36. Bxc8 Qe1+ 37. Kg2 Ne3+ 38. fxe3 Qe2+ $11) 36...
Qe4 (36... Qh5 $5 37. Raxd2 (37. Bxc4 $2 Qxd1+ 38. Qxd1 Re1+ 39. Kg2 Rxd1 $19)
37... Nxd2 38. Rxd2 $44 {[%csl Rb5,Gc5,Gf1] Es fällt mir schwer, diese
Stellung zu beurteilen: ich sehe für Weiß angesichts der für ihn wegen des Bg2
günstigen P-Konstellation am Damenflügel keine Verlustgefahr, aber ein Gewinn
ist (mindestens) Schwerarbeit.}) 37. Qxe4 Rxe4 38. Kg2 Kf8 $2 (38... h6 $142
39. Bxc4 $140 Rxc4 40. Rdxd2 Rxb4 41. Ra7 Ra4 42. Re7 Rxc5 43. Rd8+ Kh7 44.
Rxf7 Rg5 $11) 39. Bxc4 Rxc4 40. Rdxd2 Rxb4 41. Ra7 {[%cal Rd2d7]} h6 42. Rdd7
Kg8 43. Rxf7 Rg4 44. Kf3 Rg6 45. Rfc7 Rf8+ (45... Rxc7 46. Rxc7 b4 47. Ke4 $18)
46. Kg2 Rf4 47. Rxg7+ Rxg7 48. Rxg7+ Kxg7 49. gxf4 b4 50. c6 b3 51. c7 b2 52.
c8=Q b1=Q 53. Qd7+ Kf6 54. Qd6+ Kf5 (54... Kg7 55. Qe7+ Kg6 56. Qe6+ Kg7 57. f5
$18) 55. Qe5+ Kg4 56. h3+ (56. f3+ Kh4 57. Qe7+ Kh5 58. Qe4 $18) 56... Kh4 57.
Qe6 {[%cal Re6g4]} Qb7+ 58. Kh2 Qg7 59. Qe3 Qd7 60. f5 (60. f5 Qxf5 61. Qxh6+
Qh5 62. Qf4+ Qg4 63. Qxg4#) 1-0